000 00324nam a22001457a 4500
003 SGT
020 _a938426657-4
082 _a615.1
_bJAI
100 _aJAIN, VIPUL H.
245 _aPHARMACEUTICAL QUALITY ASSURANCE
260 _aINDIA
_bBIRLA PUB.
_c2027
300 _a96
650 _aPHARMACEUTICAL
942 _2ddc
_cBK
999 _c32934
_d32934